Statistiken für Sieger der Tour de France seit 1980

Klicken Sie hier um das Quiz zu spielen!

Allgemein

  • Dieses Quiz wurde 141 mal gespielt
  • Das Durchschnittsergebnis liegt bei 19 aus 33

Antwortstatistiken

JahrLandSieger% Korrekt
1997DeutschlandJan Ullrich
93%
2017GroßbritannienChris Froome
82%
2016GroßbritannienChris Froome
82%
2015GroßbritannienChris Froome
82%
2013GroßbritannienChris Froome
82%
2019KolumbienEgan Bernal
68%
2018GroßbritannienGeraint Thomas
67%
2010*LuxemburgAndy Schleck
66%
1998ItalienMarco Pantani
66%
2007SpanienAlberto Contador
65%
2009SpanienAlberto Contador
65%
1996DänemarkBjarne Riis
65%
1994SpanienMiguel Indurain
63%
1995SpanienMiguel Indurain
63%
1993SpanienMiguel Indurain
63%
1992SpanienMiguel Indurain
63%
1991SpanienMiguel Indurain
63%
1990USAGreg LeMond
60%
1989USAGreg LeMond
60%
1986USAGreg LeMond
60%
2014ItalienVincenzo Nibali
60%
1985FrankreichBernard Hinault
58%
1981FrankreichBernard Hinault
58%
1982FrankreichBernard Hinault
58%
2012GroßbritannienBradley Wiggins
55%
2011AustralienCadel Evans
51%
1987IrlandStephen Roche
32%
2008SpanienCarlos Sastre
30%
2006*SpanienÓscar Pereiro
30%
1984FrankreichLaurent Fignon
29%
1983FrankreichLaurent Fignon
29%
1980NiederlandeJoop Zoetemelk
23%
1988SpanienPedro Delgado
17%

Verteilung der Resultate

Perzentil nach korrekt beantworteten Fragen

Anzahl Personen mit jedem Resultat

Ihre Resultats-Entwicklung

Sie haben dieses Quiz noch nicht gespielt